A halál neve Engelchen

Bibliographic Details
Main Author: Mňačko, Ladislav, 1919-1994 (Author)
Format: Book
Language:Hungarian
Slovak
PhysicalDescription:299, [3] s. 8°
Published: Bratislava SVKL 1961
Subjects:

MARC

LEADER 00000nam a2200000 a 4500
001 vtls008338463
003 SK-MaSNL
005 20260301044758.0
008 250311s1961 xo hun
015 |a SNBA1961/05-00865 
035 |a SK01SNK19610030680 
035 |a urn:nbn:sk:snk-amyd57 
035 |a urn:nbn:sk:snk-am00cfiw 
035 |a B4D3EE57-87B6-4104-9F7E-4B265EB95027 
035 |a SKM000033143 
040 |a SNK  |b slo  |c SNK  |e AACR2 
041 1 |a hun  |h slo 
044 |a xo 
080 |a 885.4-3  |2 1981 
100 1 |a Mňačko, Ladislav,  |d 1919-1994  |4 aut  |9 110734 
245 1 0 |a A halál neve Engelchen  |c Ladislav Mňačko ; [zo slov. orig.] ... ford. Rácz Olivér 
260 |a Bratislava  |b SVKL  |c 1961  |e Košice  |f Pravda 
300 |a 299, [3] s.  |c 8° 
500 |a Pozn. Predsádky 
563 |a 2200+4500 výtl. ako 45. podiel. kniha edície MKBK 
650 0 7 |a romány vojnové slovenské  |2 SNK  |9 351563 
655 7 |a umelecká literatúra  |2 SNKPH  |9 60405 
852 |a Slovenská národná knižnica 
919 |a viaz. 
958 |a OND 
958 |a TL 
958 |a RK 
958 |a HU 
958 |a LX 
999 |c 596754  |d 598684 
952 |a SNK  |b SNK  |y PREZ  |7 0  |p 17A0698095  |o snkSD 20022  |i snkKSP 2524/61  |0 0  |1 0  |4 0  |d 2011-06-02  |f 1  |l 0  |r 2025-12-03 00:00:00  |w 2026-02-23